On This Day: March 7th II Quiz Stats

 Plays Quiz Updated Mar 7, 2018

Score 0/7 Timer 03:00
0 Plays Today
Question Answer Wrong Answers
The ______ liner SS Kaiser Wilhelm der Grosse becomes the first ship to send wireless signals to shore.
1900
German
93.7%
Russian
2.7%
Swedish
1.2%
Belgian
1.6%
Following derogatory comments made about the series' creator, this actor, who was the highest paid actor on television at the time, is fired from the CBS sitcom ‘Two and a Half Men’.
2011
Charlie Sheen
93.4%
Ashton Kutcher
2.3%
Tim Allen
1.5%
James Gandolfini
1%
This English rock band, formed in Liverpool in 1960, makes their broadcasting debut on BBC radio.
1962
The Beatles
93.3%
The Rolling Stones
3.8%
Led Zeppelin
1.2%
Pink Floyd
0.6%
Iran and the United Kingdom break diplomatic relations after a dispute over this author, and his controversial novel, ‘The Satanic Verses’.
1989
Salman Rushdie
87.7%
Amitav Ghosh
3.2%
Umberto Eco
2.6%
William Golding
5%
Napoleon Bonaparte captures Jaffa, now a part of ______, and his troops proceed to kill more than 2,000 Albanian captives.
1799
Tel Aviv
39.4%
Beirut
16.5%
Istanbul
33.3%
Baghdad
10.7%
The Supreme Court of the United States rules in ‘Campbell v. Acuff-Rose Music, Inc.’ that ______ of an original work are generally covered by the doctrine of fair use.
1994
Parodies
39.2%
Copies
15%
Covers
23.7%
Samples
20.5%
This influential Whig politician, who twice served as Secretary of State, gives his ‘Seventh of March’ speech endorsing the Compromise of 1850 in order to prevent a possible civil war.
1850
Daniel Webster
33%
John C. Calhoun
35.1%
John Tyler
13.7%
Millard Fillmore
17.7%

You're not logged in!

Compare scores with friends on all Sporcle quizzes.
OR
Log In

Sporcle TV

Today on Sporcle TV


Watch our educational content, quiz creation guides, and fun videos on Sporcle TV.

Show Comments

Extras

Top Quizzes Today


Score Distribution

Your Account Isn't Verified!

In order to create a playlist on Sporcle, you need to verify the email address you used during registration. Go to your Sporcle Settings to finish the process.

Report this User

Report this user for behavior that violates our Community Guidelines.

Details: